000 00536nam a22001817a 4500
008 170725b xxu||||| |||| 00| p tur d
020 _a9750810430
041 _atur
050 _aPL248.E7424
100 _9526
_aÖmer Erdem
245 _aEvvel
250 _a1. baskı
260 _aİstanbul
_bYapı Kredi Yayınları
_cOcak 2006
300 _a79 Sayfa
500 _aYapı Kredi Yayınları 2289; Şiir: 200 El yazısı ile yazılmış notlar ve değerlendirmeler mevcuttur.
650 0 _9145
_aTürk Edebiyatı
942 _2lcc
_cBK
999 _c1201
_d1179